000 00416nam a22001577a 4500
020 _a9788126558568
040 _cNUST
082 _a620.106 FOX
100 _aFox, Robert W.
_940687
110 _aMcdonald, Alan T. Pritchard, Philip J. Mitchell, John W.
_983871
245 _aFluid Mechanics
250 _a9th
260 _aINDIA:
_bJOHN WILEY,
_c2015.
650 _aFluid Mechanics
_91678
942 _2ddc
_cBK
999 _c586689
_d586689